| 000 | 00991cam a2200325 i 4500 | ||
|---|---|---|---|
| 001 | 0000880 | ||
| 003 | DO-SdBPM | ||
| 005 | 20250704093316.0 | ||
| 007 | ta | ||
| 008 | 100514s1957 sp a || 000 f spa | ||
| 015 | _a | ||
| 017 |
_a _b |
||
| 020 | _a483400094X | ||
| 035 | _a | ||
| 040 |
_aDO-SdBPM _bspa _cBPMSU _e rda |
||
| 080 | _a | ||
| 082 | 4 |
_a833.7 _bG864L 1988 _222 |
|
| 100 | 1 |
_aGrimm, Jacob Ludwig Karl, _d1785-1863. _eautor |
|
| 245 | 1 | 3 |
_aEl lobo y siete chivitos / _cLos Hermanos Grimm ; ilustración Felix Hoffman _h |
| 264 |
_aJapón : _bFukuinkan-Shoten _c1998 |
||
| 300 |
_avarias paginaciones : _bilustraciones ; _c23 cm. |
||
| 500 | _aObra en dos idiomas, español y chino mandarín | ||
| 590 | _aInventariado, 2025/VM | ||
| 650 | 7 | _aCuentos infantiles alemanes. | |
| 650 | 7 |
_aAnimales _vCuentos infantiles. |
|
| 650 | 4 | _a | |
| 700 | 1 |
_aGrimm, Wilhelm Karl, _d1786-1859. _eautor |
|
| 910 | _aVMateo V. Control de calidad. BPMSU | ||
| 942 |
_2ddc _cBK |
||
| 999 |
_c15251 _d15251 |
||